Municipalities of St. Louis - Statistics

General Stats
  • This quiz has been taken 202 times
    181 since last reset
  • The average score is 32 of 100
Answer Stats
Answer % Correct
52 Kirkwood
81%
18 Chesterfield
80%
20 Clayton
79%
86 University City
71%
2 Ballwin
70%
34 Ferguson
70%
36 Florissant
70%
53 Ladue
69%
60 Maryland Heights
69%
1 Affton
68%
26 Creve Coeur
67%
12 Brentwood
66%
57 Manchester
66%
94 Webster Groves
64%
98 Wildwood
64%
33 Fenton
63%
58 Maplewood
63%
84 Town and Country
63%
32 Eureka
62%
29 Des Peres
60%
47 Hazelwood
60%
80 St. Ann
57%
69 Overland
55%
74 Richmond Heights
55%
68 Olivette
52%
67 Oakville
51%
88 Valley Park
51%
25 Crestwood
50%
82 Sunset Hills
50%
13 Bridgeton
49%
31 Ellisville
49%
37 Frontenac
48%
61 Mehlville
47%
55 Lemay
45%
78 Shrewsbury
43%
4 Bellefontaine Neighbors
40%
50 Jennings
40%
10 Black Jack
37%
79 Spanish Lake
35%
40 Glendale
33%
76 Rock Hill
33%
49 Huntleigh
32%
81 St. John
32%
63 Normandy
30%
8 Berkeley
29%
51 Kinloch
28%
59 Marlborough
28%
75 Riverview
27%
66 Oakland
26%
91 Vinita Park
24%
19 Clarkson Valley
23%
95 Wellston
23%
70 Pagedale
22%
77 Sappington
22%
22 Cool Valley
20%
99 Winchester
20%
11 Breckenridge Hills
19%
6 Bel-Nor
18%
7 Bel-Ridge
18%
17 Charlack
17%
21 Concord
17%
28 Dellwood
17%
62 Moline Acres
17%
93 Warson Woods
17%
73 Pine Lawn
16%
30 Edmundson
15%
85 Twin Oaks
15%
3 Bella Villa
13%
16 Champ
13%
24 Country Life Acres
13%
42 Grantwood Village
13%
44 Green Park
13%
83 Sycamore Hills
13%
5 Bellerive
12%
14 Calverton Park
12%
27 Crystal Lake Park
12%
38 Glasgow Village
12%
46 Hanley Hills
12%
97 Wilbur Park
12%
100 Woodson Terrace
12%
9 Beverly Hills
11%
15 Castle Point
11%
65 Norwood Court
11%
56 Mackenzie
10%
89 Velda City
10%
90 Velda Village Hills
10%
96 Westwood
10%
23 Country Club Hills
9%
64 Northwoods
9%
45 Grover
7%
54 Lakeshire
7%
71 Pasadena Hills
6%
72 Pasadena Park
6%
35 Flordell Hills
5%
39 Glencoe
4%
41 Glen Echo Park
4%
92 Vinita Terrace
4%
48 Hillsdale
3%
87 Uplands Park
3%
43 Greendale
2%
No matching quizzes found
Score Distribution
Percent of People with Each Score
Percentile by Number Answered
Your Score History
You have not taken this quiz since the last reset